| 000 | 00662nam a2200241 a 4500 | ||
|---|---|---|---|
| 008 | |||
| 020 | _a0340764236 (pbk.) | ||
| 049 | _aMAIN | ||
| 090 | _aRA648.5GIE | ||
| 100 | 1 | _aGiesecke, Johan | |
| 245 |
_aModern infectious disease epidemiology / _cJohan Giesecke. |
||
| 260 |
_aLondon : _bArnold, _c2002. |
||
| 300 | _a2nd ed. | ||
| 300 |
_axi, 268 p. ; _c25 cm. |
||
| 504 | _aIncludes bibliographical references. | ||
| 500 | _aIncludes index. | ||
| 650 | _aEpidemiology. | ||
| 907 |
_a.b10219316 _b09-02-12 _c09-11-06 |
||
| 003 | |||
| 005 | 20230120203934.0 | ||
| 040 | _cNUST | ||
| 942 |
_cBOOKS _kRA648.5GIE |
||
| 999 |
_c114207 _d114207 |
||